Orígenes y Evolución del Conjunto Arquitectónico de la Casona de San Marcos (Record no. 36157)

MARC details
000 -LEADER
campo de control de longitud fija 00309nam a2200109Ia 4500
005 - FECHA Y HORA DE LA ÚLTIMA TRANSACCIÓN
campo de control 20251222154424.0
008 - DATOS DE LONGITUD FIJA--INFORMACIÓN GENERAL
campo de control de longitud fija 251222s9999||||xx |||||||||||||| ||spa||
020 ## - NÚMERO INTERNACIONAL ESTÁNDAR DEL LIBRO
Número Internacional Estándar del Libro 978-6124630323
082 ## - NÚMERO DE LA CLASIFICACIÓN DECIMAL DEWEY
Número de clasificación 727.3/B45
245 #0 - MENCIÓN DEL TÍTULO
Título Orígenes y Evolución del Conjunto Arquitectónico de la Casona de San Marcos
942 ## - ELEMENTOS DE ENTRADA SECUNDARIOS (KOHA)
Tipo de ítem Koha Libros
Holdings
Estatus retirado Estado de pérdida Estado de daño No para préstamo Biblioteca de origen Biblioteca actual Ubicación en estantería Fecha de adquisición Total de préstamos Signatura topográfica completa Código de barras Visto por última vez Precio de reemplazo Tipo de ítem Koha
        Biblioteca Tarma Biblioteca Tarma Programa 22/12/2025   727.3/B45 0031403 22/12/2025 22/12/2025 Libros